Les grands événements de 2017 - Statistiques

Statistiques générales
  • Ce quiz a été pris 37 fois
  • Le résultat moyen est 3 sur 15
Statistiques - réponses
Hint Extra Hint Réponse % Correct
Mort de Johnny Hallyday et de Jean d'Ormesson France 5 décembre
67%
Premier tour de l'élection présidentielle France 23 avril
58%
Election d'Emmanuel Macron France 7 mai
45%
Iris Mittenaere Miss Univers France 30 janvier
30%
Mort de Simone Veil France 30 juin
30%
Le Portugal gagne pour la 1ère fois le concours Eurovision Ukraine 13 mai
24%
Jacques Dubochet pris Nobel de Chimie France 4 octobre
21%
Antonio Guterres secrétaire général de l'ONU MONDE 1er janvier
12%
Mort d'Helmut Kohl Allemagne 16 juin
9%
Coulée de boue à Mocoa - 300 morts Colombie 1er avril
9%
Les Etats-Unis se retirent des accords sur le climat Etats-Unis 1er juin
6%
Mort de Raymond Kopa France 3 mars
6%
Eclipse solaire totale Etats-Unis 21 août
3%
Les Etats-Unis reconnaissent Jérusalem capitale d'Israël Etats-Unis 6 décembre
3%
Léo marchand recordman monde cyclisme + de 105 ans France 4 janvier
0%
Aucun quiz correspondant
Distribution des résultats
% des personnes avec chaque résultat
Percentile par nombre de réponses
Votre historique - résultats
Vous n’avez pas pris ce quiz